000
00358nam a2200157Ia 4500
008
151213s9999 xx 000 0 und d
100
_a
N. G. Mankiw
245
_a
Economics
_c
N. G. Mankiw
250
_a
1st
260
_a
Spain
_b
Thomson
_c
2005
300
_a
4272 p.
650
_a
Economics
650
_a
Economics
700
_a
N. G. Mankiw
999
_c
2695
_d
2695